ARRUPE JESUIT UNIVERSITY

CORONAVIRUS -STOP THE SPREAD - CLEAN,DISINFECT,COVER

The scientist speculates: (Record no. 122815)

MARC details
000 -LEADER
fixed length control field 00815cam a22002531 4500
001 - CONTROL NUMBER
control field 6104458
003 - CONTROL NUMBER IDENTIFIER
control field ARRUPE
005 - DATE AND TIME OF LATEST TRANSACTION
control field 20150529105543.0
008 - FIXED-LENGTH DATA ELEMENTS--GENERAL INFORMATION
fixed length control field 750501s1963 xx 000 0 eng
010 ## - LIBRARY OF CONGRESS CONTROL NUMBER
LC control number 63012848
035 ## - SYSTEM CONTROL NUMBER
System control number (OCoLC)1307482
040 ## - CATALOGING SOURCE
Original cataloging agency DLC
Transcribing agency FM
Modifying agency DLC
042 ## - AUTHENTICATION CODE
Authentication code premarc
050 00 - LIBRARY OF CONGRESS CALL NUMBER
Classification number AZ221
Item number .G6
082 ## - DEWEY DECIMAL CLASSIFICATION NUMBER
Classification number 007
300 ## - PHYSICAL DESCRIPTION
Other physical details illus.
Dimensions 22 cm.
100 1# - MAIN ENTRY--PERSONAL NAME
Personal name Good, Irving John (ed.)
9 (RLIN) 17721
245 14 - TITLE STATEMENT
Title The scientist speculates:
Remainder of title an anthology of partly-baked ideas.
Statement of responsibility, etc Associate editor: Alan James Mayne; biology editor: John Maynard Smith.
260 ## - PUBLICATION, DISTRIBUTION, ETC. (IMPRINT)
Place of publication, distribution, etc New York,
Name of publisher, distributor, etc Basic Books
Date of publication, distribution, etc [1963, c1962]
300 ## - PHYSICAL DESCRIPTION
Extent 413 p.
650 #0 - SUBJECT ADDED ENTRY--TOPICAL TERM
Topical term or geographic name as entry element Learning and scholarship.
9 (RLIN) 13007
700 ## - ADDED ENTRY--PERSONAL NAME
Personal name Mayne, ,Alan James
Relator term ed.
9 (RLIN) 17939
906 ## - LOCAL DATA ELEMENT F, LDF (RLIN)
a 7
b cbc
c oclcrpl
d u
e ncip
f 19
g y-gencatlg
942 ## - ADDED ENTRY ELEMENTS (KOHA)
Source of classification or shelving scheme Library of Congress Classification
Koha item type Monograph ( Printed materials)
Holdings
Withdrawn status Lost status Source of classification or shelving scheme Damaged status Not for loan Collection code Home library Current library Shelving location Date acquired Total Checkouts Full call number Barcode Date last seen Price effective from Koha item type
    Library of Congress Classification     Main Collection ARRUPE LIBRARY ARRUPE LIBRARY Main Collection 06/05/2015   AZ221.G6 46500002362 06/05/2015 06/05/2015 Monograph ( Printed materials)

 

Arrupe Library. PO Box MP320 Mt Pleasant, Harare, Zimbabwe
263 242 745411|librarian@aju.ac.zw